000
00221 a2200097 4500
001
42161
100
_a
Mason F K
245
_a
A Control Encyclopedia of Aviations
260
_a
_b
George Philip
_c
090
_c
26150
_d
26150
942
_a
NUST-CAE
_c
M
_c
17948
999
_c
277234
_d
277234